[Event "SLO-chT1 Ost"]
[Site "Sentjur"]
[Date "2010.11.20"]
[Round "8"]
[White "Gerencer, Jozef"]
[Black "Kranjec, Toni"]
[Result "1/2-1/2"]
[WhiteElo "2060"]
[BlackElo "2000"]
[PlyCount "63"]
[EventDate "2010.11.04"]
[EventType "team-tourn"]
[EventRounds "9"]
[EventCountry "SLO"]
[SourceTitle "EXT 2022"]
[Source "ChessBase"]
[SourceDate "2021.10.06"]
[SourceVersion "1"]
[SourceVersionDate "2021.10.06"]
[SourceQuality "1"]
[WhiteTeam "Lendava Rokada"]
[BlackTeam "Hoce"]
[WhiteTeamCountry "SLO"]
[BlackTeamCountry "SLO"]

1. d4 d5 2. Nf3 Nf6 3. e3 c6 4. Bd3 Bg4 5. Nbd2 e6 6. c3 Nbd7 7. e4 dxe4 8. Nxe4 Be7 9. Bf4 Qb6 10. Qb3 Bxf3 11. Qxb6 axb6 12. gxf3 Nd5 13. Bd2 b5 14. Ke2 h6 15. f4 f5 16. Ng3 Kf7 17. Kf3 g5 18. h3 N7b6 19. Rhe1 Rhg8 20. a3 Bd6 21. fxg5 hxg5 22. Bc2 Bf4 23. Bxf4 Nxf4 24. h4 Ng2 25. Kxg2 gxh4 26. Bb3 Nc4 27. Bxc4 bxc4 28. Re5 f4 29. Re4 fxg3 30. Rxh4 gxf2+ 31. Kxf2 Raf8 32. Rf4+ 1/2-1/2

[Event "SLO-chT1 Ost"]
[Site "Sentjur"]
[Date "2010.11.09"]
[Round "4"]
[White "Kranjec, Toni"]
[Black "Grilc, Mojca"]
[Result "1-0"]
[WhiteElo "2000"]
[BlackElo "1956"]
[PlyCount "95"]
[EventDate "2010.11.04"]
[EventType "team-tourn"]
[EventRounds "9"]
[EventCountry "SLO"]
[SourceTitle "EXT 2022"]
[Source "ChessBase"]
[SourceDate "2021.10.06"]
[SourceVersion "1"]
[SourceVersionDate "2021.10.06"]
[SourceQuality "1"]
[WhiteTeam "Hoce"]
[BlackTeam "Milan Majcen Sevnica"]
[WhiteTeamCountry "SLO"]
[BlackTeamCountry "SLO"]

1. e4 c5 2. Nf3 d6 3. d4 cxd4 4. Nxd4 Nf6 5. Nc3 a6 6. f3 h5 7. Be3 Nbd7 8. Qd2 Qc7 9. 0-0-0 e6 10. Bd3 b5 11. h3 Nc5 12. Kb1 b4 13. Nce2 Nxd3 14. Qxd3 d5 15. e5 Nd7 16. f4 Nc5 17. Qd2 Ne4 18. Qe1 Bd7 19. Ng3 Nxg3 20. Qxg3 a5 21. Rd3 g6 22. Qf3 Rc8 23. c3 Qc4 24. Bd2 a4 25. cxb4 Be7 26. Rc1 Qa6 27. Rxc8+ Qxc8 28. Rc3 Qa6 29. a3 Rf8 30. g4 hxg4 31. hxg4 Bd8 32. Qh3 f6 33. Qh6 g5 34. Qg6+ Rf7 35. b5 Qb6 36. Be3 gxf4 37. Nf5 fxe3 38. Nd6+ Qxd6 39. exd6 d4 40. Rc1 e5 41. Rh1 Be6 42. Rh7 e2 43. Rh8+ Kd7 44. Qe4 e1Q+ 45. Qxe1 Bxg4 46. Qe4 f5 47. Qc6+ Ke6 48. d7+ 1-0

[Event "Sentjur Ipavec Memorial 11th"]
[Site "Sentjur"]
[Date "2010.09.22"]
[Round "8"]
[White "Kranjec, Toni"]
[Black "Orehek, Spela"]
[Result "1/2-1/2"]
[WhiteElo "2000"]
[BlackElo "1913"]
[PlyCount "29"]
[EventDate "2010.09.17"]
[EventType "swiss"]
[EventRounds "9"]
[EventCountry "SLO"]
[SourceTitle "CBM 138 Extra"]
[Source "ChessBase"]
[SourceDate "2010.10.29"]
[SourceVersion "1"]
[SourceVersionDate "2010.10.29"]
[SourceQuality "1"]

1. e4 c5 2. Nf3 Nc6 3. d4 cxd4 4. Nxd4 g6 5. Be3 Bg7 6. Nc3 Nf6 7. Qd2 0-0 8. 0-0-0 Ng4 9. Be2 Nxe3 10. fxe3 Bh6 11. h4 e6 12. g4 Nxd4 13. Qxd4 a6 14. e5 Qa5 15. Ne4 1/2-1/2

[Event "Sentjur Ipavec Memorial 11th"]
[Site "Sentjur"]
[Date "2010.09.19"]
[Round "5"]
[White "Tomazini, Zan"]
[Black "Kranjec, Toni"]
[Result "1-0"]
[WhiteElo "2231"]
[BlackElo "2000"]
[PlyCount "37"]
[EventDate "2010.09.17"]
[EventType "swiss"]
[EventRounds "9"]
[EventCountry "SLO"]
[SourceTitle "CBM 138 Extra"]
[Source "ChessBase"]
[SourceDate "2010.10.29"]
[SourceVersion "1"]
[SourceVersionDate "2010.10.29"]
[SourceQuality "1"]

1. e4 e5 2. Nf3 Nc6 3. d4 exd4 4. Nxd4 Qf6 5. Be3 Bc5 6. c3 d6 7. Bc4 Nxd4 8. cxd4 Bb6 9. Nc3 Ne7 10. 0-0 0-0 11. Qd2 h6 12. f4 Nc6 13. Nd5 Qd8 14. f5 Re8 15. f6 Rxe4 16. fxg7 Rxe3 17. Nxb6 Qg5 18. Nxa8 Bh3 19. Kh1 1-0

[Event "SLO Cup"]
[Site "Otocec"]
[Date "2009.05.23"]
[Round "2"]
[White "Djuric, Petar2222"]
[Black "Kranjec, Toni"]
[Result "1-0"]
[WhiteElo "1970"]
[BlackElo "2027"]
[PlyCount "67"]
[EventDate "2009.05.22"]
[EventType "team-tourn"]
[EventRounds "5"]
[EventCountry "SLO"]
[SourceTitle "CBM 130 Extra"]
[Source "ChessBase"]
[SourceDate "2009.07.02"]
[SourceVersion "2"]
[SourceVersionDate "2009.07.15"]
[SourceQuality "1"]

1. Nf3 Nf6 2. g3 d5 3. Bg2 Bf5 4. 0-0 e6 5. d4 Nbd7 6. c4 c6 7. c5 Be7 8. Nc3 Ne4 9. Nxe4 Bxe4 10. Bd2 0-0 11. b4 a6 12. a4 Bf6 13. Bc3 Bxf3 14. Bxf3 e5 15. e3 e4 16. Be2 g6 17. Qd2 Bg5 18. Rfb1 f5 19. b5 axb5 20. axb5 Qf6 21. Qb2 Rab8 22. Ra7 Qe6 23. Qa2 Bh6 24. bxc6 bxc6 25. Rbb7 Rxb7 26. Rxb7 g5 27. Qa7 Rf7 28. Rc7 f4 29. Qa8+ Kg7 30. Qxc6 Qh3 31. Qxd5 fxe3 32. fxe3 Kg8 33. Bc4 Qh5 34. Qxf7+ 1-0

[Event "SLO Cup"]
[Site "Otocec"]
[Date "2009.05.23"]
[Round "3"]
[White "Kranjec, Toni"]
[Black "Bratkovic, Jakob"]
[Result "1-0"]
[WhiteElo "2027"]
[BlackElo "1544"]
[PlyCount "95"]
[EventDate "2009.05.22"]
[EventType "team-tourn"]
[EventRounds "5"]
[EventCountry "SLO"]
[SourceTitle "CBM 130 Extra"]
[Source "ChessBase"]
[SourceDate "2009.07.02"]
[SourceVersion "2"]
[SourceVersionDate "2009.07.15"]
[SourceQuality "1"]

1. e4 c5 2. Nf3 Nc6 3. d4 cxd4 4. Nxd4 e6 5. Be3 a6 6. Qd2 Qc7 7. Bd3 Nf6 8. f3 Ne5 9. 0-0 Bc5 10. Kh1 Qb6 11. c3 Nxd3 12. Qxd3 Bxd4 13. Bxd4 Qxb2 14. Nd2 Qb5 15. c4 Qc6 16. e5 Ng8 17. Ne4 Nh6 18. Nd6+ Kf8 19. Rab1 Nf5 20. Rb6 Qc7 21. a4 Nxd6 22. exd6 Qd8 23. a5 f6 24. f4 Kf7 25. c5 Kf8 26. Rf3 Kg8 27. Rg3 Qf8 28. Qc3 Kf7 29. h4 h5 30. Qd3 Rh6 31. Be3 f5 32. Bd4 g6 33. Rg5 Ke8 34. Qe3 Qf7 35. Qe5 Kf8 36. Rb3 Kg8 37. Rbg3 Rb8 38. Qe2 Kh7 39. Qe5 Kg8 40. Kh2 Ra8 41. Rxg6+ Qxg6 42. Rxg6+ Rxg6 43. Qh8+ Kf7 44. Qh7+ Kf8 45. Qxg6 b6 46. Bg7+ Kg8 47. Bh6+ Kh8 48. Qg7# 1-0

[Event "Litomysl op 10th"]
[Site "Litomysl"]
[Date "2008.12.29"]
[Round "5"]
[White "Trojan, Lubos"]
[Black "Kranjec, Toni"]
[Result "1-0"]
[WhiteElo "2084"]
[BlackElo "2040"]
[PlyCount "61"]
[EventDate "2008.12.26"]
[EventType "swiss"]
[EventRounds "9"]
[EventCountry "CZE"]
[SourceTitle "CBM 128 Extra"]
[Source "ChessBase"]
[SourceDate "2009.03.05"]
[SourceVersion "2"]
[SourceVersionDate "2009.03.25"]
[SourceQuality "1"]

1. d4 d5 2. Nf3 Nf6 3. Bf4 Bf5 4. Nbd2 e6 5. e3 Be7 6. Be2 0-0 7. h3 Nbd7 8. c4 c6 9. 0-0 Ne4 10. Qb3 Qb6 11. c5 Qxb3 12. Nxb3 b5 13. Na5 Rfc8 14. a4 a6 15. axb5 cxb5 16. Rfc1 f6 17. b4 g5 18. Bh2 g4 19. Nh4 h5 20. Nxf5 exf5 21. Bf4 Nd2 22. Bd3 Bd8 23. Rc2 Bxa5 24. Rxa5 Nc4 25. Ra1 Kf7 26. Bxf5 Ke7 27. hxg4 hxg4 28. Rca2 Rc6 29. Bxg4 Nf8 30. Bf3 Ke6 31. e4 1-0

[Event "SLO-chT2 East"]
[Site "Brezice Maribor"]
[Date "2008.10.18"]
[Round "7"]
[White "Kranjec, Toni"]
[Black "Mejal, Davorin"]
[Result "1/2-1/2"]
[WhiteElo "2040"]
[BlackElo "1848"]
[PlyCount "34"]
[EventDate "2008.10.24"]
[EventType "team-tourn"]
[EventRounds "9"]
[EventCountry "SLO"]
[SourceTitle "EXT 2010"]
[Source "ChessBase"]
[SourceDate "2010.11.25"]
[SourceVersion "1"]
[SourceVersionDate "2010.11.25"]
[SourceQuality "1"]

1. e4 d6 2. d4 Nf6 3. Bd3 g6 4. h3 Bg7 5. c3 c6 6. Nf3 Nbd7 7. 0-0 0-0 8. Bg5 h6 9. Be3 e5 10. Qd2 Kh7 11. Nh2 Qe7 12. Qc2 Nh5 13. Qc1 f5 14. exf5 gxf5 15. Bxf5+ Rxf5 16. g4 Rf7 17. gxh5 Nf6 1/2-1/2

[Event "SLO-chT2 East"]
[Site "Brezice Maribor"]
[Date "2008.06.07"]
[Round "4"]
[White "Kranjec, Toni"]
[Black "Skasa, Albin"]
[Result "1/2-1/2"]
[WhiteElo "2040"]
[BlackElo "1841"]
[PlyCount "48"]
[EventDate "2008.10.24"]
[EventType "team-tourn"]
[EventRounds "9"]
[EventCountry "SLO"]
[SourceTitle "EXT 2010"]
[Source "ChessBase"]
[SourceDate "2010.11.25"]
[SourceVersion "1"]
[SourceVersionDate "2010.11.25"]
[SourceQuality "1"]

1. e4 e6 2. d4 d5 3. e5 c5 4. c3 Nc6 5. Nf3 Qb6 6. a3 Bd7 7. b4 cxd4 8. cxd4 Nge7 9. Be2 Nf5 10. Bb2 a6 11. 0-0 Be7 12. g4 Nh4 13. Nxh4 Bxh4 14. f4 f6 15. Kh1 0-0 16. Qd3 fxe5 17. dxe5 Bf2 18. Qf3 Bd4 19. Nc3 Nxe5 20. Nxd5 Nxf3 21. Nxb6 Bxb6 22. Bxf3 Rxf4 23. Bxb7 Raf8 24. Rxf4 Rxf4 1/2-1/2

[Event "SLO-chT1 East"]
[Site "Celje"]
[Date "2006.11.12"]
[Round "9"]
[White "Kranjec, Toni"]
[Black "Urisek, Mitja"]
[Result "1/2-1/2"]
[WhiteElo "2064"]
[BlackElo "2042"]
[PlyCount "20"]
[EventDate "2006.11.04"]
[EventType "team"]
[EventRounds "9"]
[EventCountry "SLO"]
[SourceTitle "EXT 2008"]
[Source "ChessBase"]
[SourceDate "2007.11.25"]
[SourceVersion "1"]
[SourceVersionDate "2007.11.25"]
[SourceQuality "1"]

1. e4 e5 2. Bc4 Nf6 3. d3 d6 4. Nc3 Be7 5. Nge2 0-0 6. Nd5 Nxd5 7. Bxd5 c6 8. Bb3 Nd7 9. Be3 Kh8 10. g4 b5 1/2-1/2

[Event "SLO-chT1 East"]
[Site "Celje"]
[Date "2006.11.06"]
[Round "3"]
[White "Kranjec, Toni"]
[Black "Gerencer, Jozef"]
[Result "0-1"]
[WhiteElo "2064"]
[BlackElo "2143"]
[PlyCount "118"]
[EventDate "2006.11.04"]
[EventType "team"]
[EventRounds "9"]
[EventCountry "SLO"]
[SourceTitle "EXT 2008"]
[Source "ChessBase"]
[SourceDate "2007.11.25"]
[SourceVersion "1"]
[SourceVersionDate "2007.11.25"]
[SourceQuality "1"]

1. e4 d5 2. exd5 Qxd5 3. Nc3 Qd6 4. Bc4 Nf6 5. d3 a6 6. Qf3 Nbd7 7. Bf4 Qb6 8. 0-0-0 Nc5 9. h3 Be6 10. Be3 Bxc4 11. dxc4 e6 12. a3 Qc6 13. Qxc6+ bxc6 14. f3 a5 15. Nge2 Bd6 16. Nd4 Ra6 17. b3 Ke7 18. a4 Rd8 19. Rd2 Nfd7 20. Rhd1 g6 21. Kb1 e5 22. Nde2 f5 23. g4 Rf8 24. g5 Rb8 25. Ka2 Ne6 26. f4 e4 27. Nd4 Nxd4 28. Rxd4 Nf8 29. c5 Bxc5 30. Rxe4+ fxe4 31. Bxc5+ Ke6 32. Nxe4 Kf5 33. Nc3 Re8 34. Rf1 Raa8 35. Nd1 Ne6 36. Be3 Rad8 37. Bc1 Nd4 38. Kb1 Re2 39. Ne3+ Ke4 40. Nd1 Rh2 41. Re1+ Ne2 42. Nc3+ Kf3 43. Nxe2 Rxe2 44. Rxe2 Kxe2 45. Kb2 Rd1 46. c3 Kd3 47. b4 axb4 48. cxb4 Kc4 49. Kc2 Rh1 50. Bd2 Rxh3 51. a5 Kb5 52. Be1 c5 53. bxc5 Kxc5 54. Bc3 Kb5 55. Bd2 c5 56. Be1 Rf3 57. Bd2 Rf2 58. Kd3 Rxd2+ 59. Kxd2 Kxa5 0-1

[Event "SLO-chT1 East"]
[Site "Celje"]
[Date "2006.11.06"]
[Round "5"]
[White "Kranjec, Toni"]
[Black "Povse, Martin"]
[Result "0-1"]
[WhiteElo "2064"]
[BlackElo "2151"]
[PlyCount "102"]
[EventDate "2006.11.04"]
[EventType "team"]
[EventRounds "9"]
[EventCountry "SLO"]
[SourceTitle "EXT 2008"]
[Source "ChessBase"]
[SourceDate "2007.11.25"]
[SourceVersion "1"]
[SourceVersionDate "2007.11.25"]
[SourceQuality "1"]

1. e4 c5 2. Nf3 d6 3. d4 cxd4 4. Nxd4 Nf6 5. Nc3 a6 6. f3 e5 7. Nb3 Be6 8. Be3 Nbd7 9. Qd2 Be7 10. 0-0-0 0-0 11. g4 Nb6 12. Qf2 Nfd7 13. h4 a5 14. a4 Qc7 15. Kb1 Rfd8 16. Bb5 Nc4 17. Bc1 Na3+ 18. Ka1 Nxb5 19. Nxb5 Qc4 20. Nc3 Rdc8 21. Qf1 Nb6 22. Qxc4 Rxc4 23. Nd2 Rc6 24. Ndb1 Rac8 25. Bd2 d5 26. exd5 Nxd5 27. Rh2 Nb4 28. Na3 Rd8 29. Kb1 f6 30. Nab5 Bc4 31. Be3 Rxd1+ 32. Nxd1 Bd5 33. Rf2 Kf7 34. b3 g6 35. c4 Be6 36. Nb2 f5 37. g5 f4 38. Ba7 Bf5+ 39. Kc1 b6 40. Bb8 Bc5 41. Rh2 Be3+ 42. Kd1 Ke6 43. Nc7+ Ke7 44. Ke1 e4 45. fxe4 Bxe4 46. Nd1 Nc2+ 47. Kf1 Bd3+ 48. Kg2 Ne1+ 49. Kh1 Be4+ 50. Rg2 Bxg2+ 51. Kh2 Be4 0-1

[Event "SLO-chT1 East"]
[Site "Celje"]
[Date "2006.11.06"]
[Round "4"]
[White "Slamberger, Viktor"]
[Black "Kranjec, Toni"]
[Result "1-0"]
[WhiteElo "2063"]
[BlackElo "2064"]
[PlyCount "27"]
[EventDate "2006.11.04"]
[EventType "team"]
[EventRounds "9"]
[EventCountry "SLO"]
[SourceTitle "EXT 2008"]
[Source "ChessBase"]
[SourceDate "2007.11.25"]
[SourceVersion "1"]
[SourceVersionDate "2007.11.25"]
[SourceQuality "1"]

1. d4 d5 2. Nf3 Nf6 3. g3 Bf5 4. Bg2 e6 5. 0-0 Nbd7 6. Nbd2 Ne4 7. Re1 Ndf6 8. c4 c6 9. Qb3 Qb6 10. Qd1 Bb4 11. cxd5 exd5 12. a3 Bxd2 13. Nxd2 Qxd4 14. Nxe4 1-0

[Event "SLO-chT1 East"]
[Site "Celje"]
[Date "2006.11.04"]
[Round "1"]
[White "Kranjec, Toni"]
[Black "Stavanja, Milan"]
[Result "1-0"]
[WhiteElo "2064"]
[BlackElo "2241"]
[PlyCount "101"]
[EventDate "2006.11.04"]
[EventType "team"]
[EventRounds "9"]
[EventCountry "SLO"]
[SourceTitle "EXT 2008"]
[Source "ChessBase"]
[SourceDate "2007.11.25"]
[SourceVersion "1"]
[SourceVersionDate "2007.11.25"]
[SourceQuality "1"]

1. e4 c5 2. Nf3 g6 3. d4 Bg7 4. d5 d6 5. h3 Nd7 6. c4 Ngf6 7. Bd3 0-0 8. Nc3 Ne8 9. g4 a6 10. Bd2 Ne5 11. Nxe5 Bxe5 12. Qc2 Bd7 13. Bh6 Ng7 14. f4 Bd4 15. 0-0-0 b5 16. Ne2 Qa5 17. Nxd4 cxd4 18. Kb1 Rfc8 19. Bxg7 Kxg7 20. Qf2 Qb6 21. Be2 bxc4 22. Qxd4+ Qxd4 23. Rxd4 c3 24. b3 a5 25. Kc2 a4 26. b4 f5 27. exf5 gxf5 28. a3 e5 29. dxe6 Bxe6 30. Bb5 Bb3+ 31. Kc1 Ra7 32. Re1 fxg4 33. hxg4 Rf8 34. Bd3 d5 35. Bc2 Raf7 36. f5 h5 37. Re3 hxg4 38. Rxg4+ Kh8 39. Rxc3 Rh7 40. Bxb3 axb3 41. Kb2 Rh2+ 42. Kxb3 Rxf5 43. Rd3 Kh7 44. b5 Rh1 45. Kb4 Kh6 46. a4 Kh5 47. Rgd4 Rb1+ 48. Ka5 Rf8 49. Rxd5+ Kg6 50. Rd8 Rf4 51. R3d4 1-0

[Event "SLO-chT East"]
[Site "Slovenia"]
[Date "2005.10.29"]
[Round "8.3"]
[White "Kranjec, Toni"]
[Black "Cerjak, Andrej"]
[Result "1/2-1/2"]
[WhiteElo "2099"]
[BlackElo "2032"]
[PlyCount "32"]
[EventDate "2005.10.19"]
[EventType "team"]
[EventRounds "9"]
[EventCountry "SLO"]
[SourceTitle "EXT 2009"]
[Source "ChessBase"]
[SourceDate "2008.11.26"]
[SourceVersion "1"]
[SourceVersionDate "2008.11.26"]
[SourceQuality "1"]

1. e4 d6 2. d4 Nf6 3. f3 b6 4. Be3 c5 5. d5 e6 6. c4 exd5 7. cxd5 Be7 8. Nc3 0-0 9. Nge2 Na6 10. g4 Nc7 11. Ng3 a6 12. Bd3 b5 13. Qd2 Nd7 14. Nf5 Ne5 15. Nxe7+ Qxe7 16. 0-0 Bd7 1/2-1/2

[Event "SLO-chT East"]
[Site "Slovenia"]
[Date "2005.10.28"]
[Round "6.3"]
[White "Ivanec, Dezider"]
[Black "Kranjec, Toni"]
[Result "1-0"]
[WhiteElo "2177"]
[BlackElo "2099"]
[PlyCount "73"]
[EventDate "2005.10.19"]
[EventType "team"]
[EventRounds "9"]
[EventCountry "SLO"]
[SourceTitle "EXT 2009"]
[Source "ChessBase"]
[SourceDate "2008.11.26"]
[SourceVersion "1"]
[SourceVersionDate "2008.11.26"]
[SourceQuality "1"]

1. e4 e5 2. Nf3 Nc6 3. Bc4 Bc5 4. c3 Qf6 5. 0-0 d6 6. b4 Bb6 7. a4 a6 8. d3 h6 9. Be3 Nge7 10. Bxb6 cxb6 11. b5 Nb8 12. Nbd2 a5 13. d4 g5 14. Qb3 Ng6 15. Bd5 0-0 16. Nc4 Nd7 17. Ne3 Rd8 18. Qc4 Nf4 19. Qc7 exd4 20. cxd4 Ne2+ 21. Kh1 Nxd4 22. Ng4 Qg7 23. Nxd4 Qxd4 24. Nxh6+ Kh7 25. Nxf7 Qc5 26. Rac1 Qxc7 27. Rxc7 Kg6 28. Nxd6 Nc5 29. Bf7+ Kf6 30. f4 gxf4 31. Bd5 Ke5 32. Nc4+ Kd4 33. Rd1+ Kc3 34. Nxb6 Bg4 35. Rxc5+ Kb4 36. Rc4+ Ka3 37. Rb1 1-0

[Event "SLO-chT East"]
[Site "Slovenia"]
[Date "2005.10.21"]
[Round "2.3"]
[White "Cigan, Stefan"]
[Black "Kranjec, Toni"]
[Result "1-0"]
[WhiteElo "2333"]
[BlackElo "2099"]
[PlyCount "29"]
[EventDate "2005.10.19"]
[EventType "team"]
[EventRounds "9"]
[EventCountry "SLO"]
[SourceTitle "EXT 2009"]
[Source "ChessBase"]
[SourceDate "2008.11.26"]
[SourceVersion "1"]
[SourceVersionDate "2008.11.26"]
[SourceQuality "1"]

1. e4 e5 2. Nf3 Nc6 3. Nc3 Bb4 4. Bc4 d6 5. Nd5 Bc5 6. c3 h6 7. d4 exd4 8. cxd4 Bb6 9. 0-0 Nge7 10. Nxb6 axb6 11. d5 Nb8 12. b4 Ng6 13. Bb2 f6 14. Nh4 Kf7 15. Qh5 1-0

[Event "SLO-chT2E"]
[Site "Velenje"]
[Date "2004.11.21"]
[Round "6"]
[White "Kranjec, Toni"]
[Black "Muzlovic, Anastazij"]
[Result "1-0"]
[WhiteElo "2112"]
[BlackElo "1878"]
[PlyCount "57"]
[EventDate "2004.11.01"]
[EventType "team"]
[EventRounds "9"]
[EventCountry "SLO"]
[SourceTitle "EXT 2008"]
[Source "ChessBase"]
[SourceDate "2007.11.25"]
[SourceVersion "1"]
[SourceVersionDate "2007.11.25"]
[SourceQuality "1"]

1. e4 c5 2. Nf3 d6 3. d4 cxd4 4. Nxd4 Nf6 5. Nc3 a6 6. f3 e6 7. Be3 Qc7 8. Qd2 Nc6 9. 0-0-0 Bd7 10. g4 Be7 11. h4 0-0-0 12. Kb1 Kb8 13. Qf2 Rc8 14. Ndb5 axb5 15. Bb6 b4 16. Bxc7+ Rxc7 17. Nb5 Rcc8 18. Nxd6 Bxd6 19. Rxd6 Rhd8 20. Bb5 Ne8 21. Rd2 Nc7 22. Ba4 e5 23. Bxc6 Bxc6 24. Rhd1 Re8 25. Qb6 Ne6 26. Qxb4 Nd4 27. Rd3 f6 28. c3 Nxf3 29. Rxf3 1-0